| 000 | 00535 a2200169 4500 | ||
|---|---|---|---|
| 999 |
_c6037 _d6037 |
||
| 020 | _a9788177587784 | ||
| 050 | _aT58.6 ALT 2002 | ||
| 100 |
_aAlter, Steven _eauthor |
||
| 245 |
_aInformation systems : _bfoundations of e-business / |
||
| 250 | _a4th ed. | ||
| 264 |
_aUpper Saddle River, NJ : _bPearson Education, _c2002. |
||
| 300 |
_a614p. : _bill. |
||
| 500 | _aIncludes bibliographical references and index | ||
| 650 | _aManagement information systems | ||
| 650 | _aElectronic commerce | ||
| 942 |
_2lcc _cBK _e4th ed. _h58.6 _iALT _kT |
||